Simpsons Stately Quotes Quiz Stats

 Plays Quiz not verified by Sporcle

Challenge
Share
Tweet
Embed
Score 0/20 Timer 08:00
2 Plays Today
Question Answer Wrong Answers
Eddie: Well, well. Steve Sax from _____ City. I heard some guy got killed in _____ City and they never solved the case, but you wouldn't know anything about that now, would you Steve? New York
90.9%
Illinois
1.6%
California
1.9%
West Virginia
1.5%
Apu: *gasps* Mrs. Simpson, you did not pay for this bottle of Colonel Kwik-E-Mart's _____ Bourbon. Kentucky
88.1%
South Carolina
2.8%
Indiana
3.4%
Utah
1.7%
Chief Wiggum: No jury in the world is going to convict a baby. Maybe ____. Texas
84.2%
California
2%
South Carolina
3%
Arkansas
6.5%
Agent Scully: There's also this report of a shipment of drugs and illegal weapons coming into ____ tonight. Agent Mulder: I hardly think that's the FBI's concern. New Jersey
80%
Wisconsin
7.3%
Missouri
2.5%
Georgia
6.1%
Marge: Do you feel smarter? Homer: Is the capital of _____ Bismarck? Lisa: It is! North Dakota
76.6%
South Dakota
16.1%
Georgia
2%
Washington
1.6%
Principal Skinner: And special awards go to the two students who obviously had no help from their parents. Lisa Simpson and Ralph Wiggum. Ralph: I'm _____! Skinner: Of course you are. Idaho
72.3%
Nebraska
11.5%
Vermont
5.9%
Kansas
6%
Marge: There are only 49 stars on that flag. Grampa: I'll be deep in the cold, cold ground before I recognize _____. Missouri
72%
Alabama
2.2%
Hawaii
19.2%
Montana
2.7%
Superintendent Chalmers: I was born in Queens, went to Ball State then made the move to Intercourse, _____. Uh, why do you ask? Pennsylvania
71.8%
Oklahoma
9.3%
Illinois
11.2%
Texas
3.4%
Dr. Hibbert: Why do we live in a town where the smartest have no power and the stupidest run everything? Maybe I should just move back to _____. Alabama
70.9%
Nevada
3.1%
Iowa
5.7%
Massachusetts
16.1%
Principal 'Skinny Boy' Skinner: It's not rented, Chief. It's stolen. That's the _____ Governor's mansion. It's been missing for eight months. Louisiana
67%
Vermont
6.7%
Arkansas
14%
Mississippi
7.9%
Homer: Mom, I'm gonna hide you where there's no one around for miles - Disney's _____ Adventure. California
63.4%
Arizona
10.1%
Wisconsin
14.3%
Alabama
8.2%
Paul Anka: It's got Paul Anka's guarantee... Lisa: Guarantee void in _____. Both: Just don't look! Just don't look! Tennessee
62.6%
Minnesota
5.4%
Delaware
19.2%
South Dakota
9%
Homer: A mountain of sugar is too much for one man. It's clear now why God portions it out in those tiny packets and why he lives on a plantation in _____. Hawaii
61.7%
Utah
3.4%
Virginia
27.6%
Maryland
3.2%
Principal Skinner: Boy for sale! Boy for Sale! Jimbo: Is this legal, man? Skinner: Only here and in _____. Mississippi
54.2%
Ohio
6.5%
West Virginia
29.4%
Colorado
5.9%
Dr. Foster: There is an experimental therapy that might help Ned contain his anger. It's known as the 'University of _____ Spankalogical Protocol.' Minnesota
47.7%
Texas
13.9%
North Dakota
12%
Delaware
22.5%
Selma: I want to see the Troy McClure I remember from such films as 'Make-Out King of ____' and 'Electric Gigolo.' Montana
46.5%
Michigan
22.9%
New Jersey
14.7%
Maine
11.8%
Dr. Nick: Okay, I'll throw in a fourth bottle, the applicator glove and a state of _____ Jell-O mold. $29.95. Kansas
37.6%
New Mexico
23%
Connecticut
17.2%
Indiana
18.5%
Announcer: For your free brochure, send five dollars to Dimoxinil - 485 Hair Plaza, Hair City, _____. Utah
34.2%
Iowa
33.1%
Washington
12.3%
California
16.4%
Homer: Oh, heavenly God, my son is plagued with homework. With your vast knowledge of...'The Shorebirds of _____' I know you can help him. Maryland
33.5%
Rhode Island
41.1%
Alabama
4.9%
Florida
16.5%
Judge Harm: Mr. Simpson, under _____ law, bigamy - or 'Mormon Hold 'Em' - is perfectly legal! Both marriages stand. Nevada
32.8%
Wyoming
2.4%
Utah
59.7%
New York
1.1%

You're not logged in!

Compare scores with friends on all Sporcle quizzes.
OR
Log In

You Might Also Like...

Show Comments

Extras

Top Quizzes Today


Score Distribution

Your Account Isn't Verified!

In order to create a playlist on Sporcle, you need to verify the email address you used during registration. Go to your Sporcle Settings to finish the process.

Report this User

Report this user for behavior that violates our Community Guidelines.

Details: